000 01062nam a2200301 a 4500
005 20200104041504.0
008 140113b1994 ck ||||| |||| 00| 0 spa d
040 _aCO-BoIAVH
_cCO-BoIAVH
041 _aspa
090 _aRE
_b00060
100 1 _aSaldarriaga, Juan Guillermo
245 1 _aRecuperación de la selva de "Tierra Firme" en el alto río Negro Amazonia colombiana-venezolana
246 _aRecovery of the jungle on "Tierra Firme" in the upper rio Negro region of Amazonia in Colombia
260 _aBogotá
_bTropenbos Colombia
_c1994
300 _a201 paginas.:
_bgraficos. ;
_c23 x 17 cm
650 4 _aBosque húmedo tropical
650 4 _aConservación de bosques
650 4 _aRecuperación de ecosistemas
650 4 _aReforestación
650 4 _aSuelos
650 4 _aNutrientes
650 4 _aBiodiversidad
650 4 _aEstructura vegetal
650 4 _aBiomasa
650 4 _aSucesión vegetal
662 _aColombia
_cRío Negro
_bAmazonas
942 _cLIBRO
_2ddc
999 _c26
_d26